| 000 | 00606nam a2200193 i 4500 | ||
|---|---|---|---|
| 001 | 101997 | ||
| 003 | ES-MaACL | ||
| 005 | 20251120063135.0 | ||
| 007 | t| | ||
| 008 | 051028s1966 sp ||||1| gao d | ||
| 100 | 1 |
_aMéndez Ferrín, X. L., _d1938- _980151 |
|
| 245 | 1 | 2 |
_aO cancioneiro de Pero Meogo / _cX. L. Mendez Ferrin. |
| 260 |
_aVigo : _bGalaxia, _c1966. |
||
| 300 |
_a250 p., 8 lám. pleg. ; _c19 cm. |
||
| 500 | _aPrecede al tít.: Centro de Estudios Fingo. | ||
| 710 | 2 |
_aCentro de Estudios Fingo (Vigo) _92632 |
|
| 852 |
_aES-MaACL _jC-30648 _bR.60903 |
||
| 999 |
_c101997 _d101997 |
||